000 00618pam a2200229 a 4500
001 460967
003 OSt
005 20180116183009.0
008 830406s1983 nyu 000 1 eng
010 _a 83008618
020 _a0312697384 :
_c$14.95
040 _aDLC
_cDLC
_dDLC
050 0 0 _aPS3563.Y49
_bS2 1983
082 0 0 _a813/.54 MYK 1985
_219
100 1 _aMykel, A. W.
245 1 4 _aThe salamandra glass /
_cA.W. Mykel.
250 _a1st ed.
260 _aNew York :
_bSt. Martin's Press,
_cc1983.
300 _a483 p. ;
_c24 cm.
906 _a7
_bcbc
_corignew
_d1
_eocip
_f19
_gy-gencatlg
942 _2ddc
_cBK
999 _c350196
_d350196